| 000 | 00715cam a2200217 a 4500 | ||
|---|---|---|---|
| 001 | 000006133 | ||
| 005 | 20200929151938.0 | ||
| 008 | 850809s1977 cu 001 p spa | ||
| 040 |
_aDO-SdBNP _dBNPHU |
||
| 082 |
_aCu861.44 _bD559d |
||
| 100 | 1 |
_aDiego, Eliseo. _d1920-1994 _917259 |
|
| 245 | 1 | 4 |
_aLos días de tu vida / _cEliseo Diego ; edición, Francisco de Oraá. |
| 260 |
_aLa Habana : _bUnión de Escritores y Artistas de Cuba, _c1977. |
||
| 300 |
_a95 p. ; _c21 cm. |
||
| 490 | 1 | _aContemporáneos | |
| 650 | 4 |
_aPoesía cubana _95226 |
|
| 650 | 4 |
_aLiteratura cubana _ySIGLO XX _99186 |
|
| 700 | 1 |
_aOraá, Francisco de _eed. _914738 |
|
| 830 | 0 |
_aContemporáneos. _96941 |
|
| 910 | _aCatalogación por copia / LC | ||
| 999 |
_c5929 _d5929 |
||